[Event "EU-ch U16"]
[Site "Rimavska Sobota"]
[Date "1996.??.??"]
[Round "5"]
[White "Halkias, Stelios"]
[Black "Berg, Emanuel"]
[Result "0-1"]
[WhiteElo "2330"]
[BlackElo "2215"]

1.Nf3 Nf6 2.d4 e6 3.c4 b6 4.a3 Bb7 5.Nc3 d5 6.cxd5 exd5 7.g3 Be7 8.Qa4+ Qd7
9.Qxd7+ Nbxd7 10.Nb5 Bd6 11.Bf4 Bxf4 12.gxf4 Kd8 13.Rg1 Ne8 14.Bh3 c6 15.Ng5 Ke7
16.Nc3 Nf8 17.Rc1 f6 18.Nf3 Kf7 19.e3 Ng6 20.Nd2 Nd6 21.f3 Rhe8 22.Kf2 Nh4
23.Rge1 Nhf5 24.Nf1 Re7 25.Ng3 Bc8 26.Bf1 Bd7 27.Bd3 Rae8 28.Nf1 h5 29.Re2 g5
30.fxg5 fxg5 31.Rce1 Kg7 32.h3 Rf7 33.Bxf5 Nxf5 34.Nh2 Ref8 35.Rg1 Kh6 36.Nd1 Nh4
37.Rg3 Nf5 38.Rg1 Nh4 39.Rg3 Nf5 40.Rg1 Nd6 41.Kg2 c5 42.dxc5 bxc5 43.Rc2 Nf5
44.Rxc5 Nh4+ 45.Kh1 Nxf3 46.Rf1 Bxh3 47.Rxf3 Rxf3 48.Nxf3 Rxf3 49.Rxd5 Rf1+
50.Kh2 Bg4 51.Rd6+ Kg7 52.Nc3 Bf3  0-1

[Event "EU-ch U16"]
[Site "Rimavska Sobota"]
[Date "1996.??.??"]
[Round "7"]
[White "Halkias, Stelios"]
[Black "Gaprindashvili, Valerian"]
[Result "1-0"]
[WhiteElo "2330"]
[BlackElo "2250"]

1.d4 Nf6 2.c4 e6 3.Nf3 b6 4.a3 Bb7 5.Nc3 g6 6.Qc2 Bg7 7.e4 d6 8.Be2 O-O 9.O-O Nbd7
10.Rd1 Qe7 11.h3 h6 12.Be3 Nh7 13.Qc1 g5 14.d5 a5 15.Nd4 Nc5 16.b4 axb4 17.axb4 Rxa1
18.Qxa1 Bxd4 19.Bxd4 Nb3 20.Qa7 Nxd4 21.Rxd4 e5 22.Rd3 Bc8 23.Nb5 f5 24.Qxc7 Qxc7
25.Nxc7 fxe4 26.Ra3 Nf6 27.Nb5 Ne8 28.Ra8 Bd7 29.Rb8 Nf6 30.Rxb6 Ra8 31.Rxd6 Ra1+
32.Kh2 Kf7 33.c5 Ra2 34.c6 Bf5 35.Bc4 Rc2 36.Rxf6+ Kxf6 37.Nd6 g4 38.b5 gxh3
39.b6 Rxf2 40.Nxf5  1-0

[Event "EU-ch U18"]
[Site "Rimavska Sobota"]
[Date "1996.??.??"]
[Round "8"]
[White "Surma, Dmitry"]
[Black "Cvek, Robert"]
[Result "0-1"]
[WhiteElo "2275"]
[BlackElo "2290"]

1.d4 Nf6 2.c4 e6 3.Nf3 b6 4.a3 Ba6 5.e3 c5 6.Nc3 cxd4 7.exd4 d6 8.Bd3 Be7
9.O-O O-O 10.Qe2 Nbd7 11.Re1 Re8 12.Bf4 Nf8 13.b4 Ng6 14.Bd2 Nh5 15.g3 Nf6
16.Rac1 Qd7 17.a4 Red8 18.a5 bxa5 19.b5 Bb7 20.Na4 e5 21.d5 Re8 22.Qd1 Bd8
23.Bf1 Bb6 24.Be3 Qc7 25.c5 Bxc5 26.Bxc5 dxc5 27.d6 Qd8 28.Nxc5 Bxf3 29.Qxf3 Qxd6
30.Red1 Qe7 31.Nb3 e4 32.Qe3 Ne5 33.h3 Qb4 34.Kg2 a4 35.Nc5 Rac8 36.Rd4 Qb2
37.Rxa4 Neg4 38.hxg4 Nxg4 39.Qe1 Nxf2 40.Qxf2 Qxc1 41.Rxa7 Rf8 42.Nxe4 Rc2
43.Be2 Qb2 44.Kf1 Rc1+ 45.Kg2 Rc2 46.Kf1 Rc1+ 47.Kg2 Rc2 48.Kf3 f5 49.Nd6 Qe5
50.Qe3 Qxd6 51.Qb3+ Kh8 52.Qxc2 Qd5+ 53.Ke3 Re8+ 54.Kf2 Qd4+ 55.Kf1 Qxa7
56.Qxf5 Qa1+ 57.Kf2 Qd4+ 58.Kf1 Qd6 59.Qg4 Rf8+ 60.Ke1 Qa3 61.Qg5 h6 62.Qe5 Qb4+
63.Kd1 Rd8+ 64.Kc1 Qe1+ 65.Kc2 Rd2+  0-1

[Event "Salongernas Elo"]
[Site "Salongernas"]
[Date "1996.??.??"]
[Round "?"]
[White "Livner, Anders"]
[Black "Hjelm, Niclas"]
[Result "1/2-1/2"]
[WhiteElo "2080"]
[BlackElo "2325"]

1.d4 Nf6 2.c4 e6 3.Nf3 b6 4.a3 Bb7 5.Nc3 d5 6.Bg5 Be7 7.Bxf6 Bxf6 8.cxd5 exd5
9.Qa4+ Nd7 10.g3 a6 11.Bh3 Qe7 12.O-O Rd8 13.Rac1 O-O 14.Rfd1 Rfe8 15.e3 c5
16.Qc2 c4 17.Bg2 b5 18.Ne1 Nb6 19.Qd2 g6  1/2-1/2

[Event "Salongernas IM"]
[Site "Salongernas"]
[Date "1996.??.??"]
[Round "?"]
[White "Vanderwaeren, Serge"]
[Black "Ochsner, Thomas"]
[Result "1-0"]
[WhiteElo "2285"]
[BlackElo "2300"]

1.Nf3 Nf6 2.c4 e6 3.d4 b6 4.a3 Bb7 5.Nc3 d5 6.Qc2 Be7 7.Bf4 O-O 8.e3 Nbd7
9.cxd5 exd5 10.Nb5 c5 11.Nd6 Bxd6 12.Bxd6 Re8 13.Be2 Rc8 14.dxc5 d4 15.Nxd4 Nxc5
16.Bg3 Qd5 17.Qf5 Qxg2 18.Bf3 Bxf3 19.Qxf3 Rxe3+ 20.fxe3 Nd3+ 21.Kd1 Nxb2+
22.Ke1 Nd3+ 23.Kd1 Qb2 24.Qb7 Qxa1+ 25.Ke2 Qb2+ 26.Kf3 Re8 27.Rd1 Qxa3 28.Nf5 Qc5
29.e4 Ne5+ 30.Bxe5 Qxe5 31.Rg1 Qc3+ 32.Kg2 Nh5 33.Kh1 Qf3+ 34.Rg2 Qf1+ 35.Rg1 Qf3+
36.Rg2 g6  1-0

[Event "Sao Paulo Charlier"]
[Site "Sao Paulo"]
[Date "1996.??.??"]
[Round "7"]
[White "Rocha, Wellington Carlos"]
[Black "Rodrigues, Adriano Pfuhl"]
[Result "1/2-1/2"]
[WhiteElo "2305"]
[BlackElo "2270"]

1.d4 Nf6 2.c4 e6 3.Nf3 b6 4.a3 Bb7 5.Nc3 d5 6.cxd5 exd5 7.Bg5 Be7 8.e3 O-O
9.Bxf6 Bxf6 10.Qb3 c6 11.Rd1 Nd7 12.Be2 Be7 13.O-O f5 14.Bd3 Kh8 15.Qc2 g6
16.Qe2 a5 17.Rc1 Bd6  1/2-1/2

[Event "Sas van Gent"]
[Site "Sas van Gent"]
[Date "1996.??.??"]
[Round "9"]
[White "Goormachtigh, Johan"]
[Black "Krays, Alexander"]
[Result "1-0"]
[WhiteElo "2305"]
[BlackElo "2400"]

1.d4 Nf6 2.c4 e6 3.Nf3 b6 4.a3 Ba6 5.Qc2 c5 6.d5 exd5 7.cxd5 d6 8.Nc3 g6
9.g3 Bg7 10.Bg2 O-O 11.O-O b5 12.Re1 Nbd7 13.e4 Ng4 14.h3 Nge5 15.Nxe5 Nxe5
16.f4 Nd7 17.Be3 Re8 18.Rad1 Rb8 19.e5 dxe5 20.f5 Nb6 21.Bxc5 gxf5 22.Qxf5 Bc8
23.Qh5 f5 24.Ne4 Nd7 25.Nd6 Rf8 26.b4 Nxc5 27.bxc5 Qc7 28.Rc1 e4 29.g4 Bd4+
30.Kh1 Bxc5 31.Qg5+ Kh8 32.Rxc5 Qxc5 33.Qe7  1-0

[Event "Seefeld op"]
[Site "Seefeld"]
[Date "1996.??.??"]
[Round "?"]
[White "Kircher, Werner"]
[Black "Behrens, Harald"]
[Result "0-1"]
[WhiteElo "1810"]
[BlackElo "2270"]

1.d4 Nf6 2.c4 e6 3.Nf3 b6 4.a3 Bb7 5.Nc3 d5 6.cxd5 Nxd5 7.Qc2 Nd7 8.e4 Nxc3
9.bxc3 Bd6 10.Bd3 e5 11.O-O O-O 12.Bb2 Qe7 13.a4 Rfe8 14.dxe5 Bxe5 15.Rae1 a6
16.Nd4 Nc5 17.Nf5 Qd7 18.Bc4 Bxe4 19.Rxe4 Nxe4  0-1

[Event "Seefeld op"]
[Site "Seefeld"]
[Date "1996.??.??"]
[Round "?"]
[White "Mattick, Lutz"]
[Black "Vinke, Andreas"]
[Result "1-0"]
[WhiteElo "2275"]
[BlackElo "2070"]

1.d4 e6 2.Nf3 Nf6 3.c4 b6 4.a3 Bb7 5.Nc3 d5 6.Bg5 Be7 7.Qa4+ Nbd7 8.Bxf6 Bxf6
9.cxd5 exd5 10.g3 O-O 11.Bh3 Nb8 12.O-O Re8 13.Rfd1 c6 14.Rac1 Qd6 15.b4 Nd7
16.Qb3 Rad8 17.e3 Nf8 18.Bg2 Ne6 19.Rd2 Re7 20.e4 Qd7 21.e5 Bg5 22.Nxg5 Nxg5
23.f4 Nh3+ 24.Kh1 g5 25.Qd1 gxf4 26.Qh5 Bc8 27.b5 fxg3 28.bxc6 Qf5 29.Qxf5 Bxf5
30.hxg3 Be6 31.Nxd5 Bxd5 32.Bxd5 Rc7 33.Bg2 Ng5 34.d5  1-0

[Event "Seefeld op"]
[Site "Seefeld"]
[Date "1996.??.??"]
[Round "?"]
[White "Khenkin, Igor"]
[Black "Timoshenko, Georgy"]
[Result "1/2-1/2"]
[WhiteElo "2575"]
[BlackElo "2510"]

1.d4 Nf6 2.c4 e6 3.Nf3 b6 4.a3 Bb7 5.Nc3 d5 6.Bg5 Be7 7.Qa4+ Qd7 8.Qxd7+ Nbxd7
9.Nb5 Kd8 10.cxd5 Nxd5 11.e4 N5f6 12.Bf4 Ne8 13.Bd3 Nd6 14.Rc1 Nxb5 15.Bxb5 Rc8
16.Ke2 c6 17.Bc4 h6 18.Rhd1 g5 19.Bg3 g4 20.Nd2 Bg5 21.Rc3 h5 22.f4 gxf3+
23.Nxf3 Be7 24.Ne5 Nxe5 25.Bxe5 f6 26.Bxe6 fxe5 27.dxe5+ Ke8 28.Bd7+ Kf7
29.Rf3+ Kg7 30.Rg3+ Kh6 31.Bf5 Rcg8 32.Rd7  1/2-1/2

[Event "SLO-chT sf"]
[Site "SLO"]
[Date "1996.??.??"]
[Round "7"]
[White "Soln, Primoz"]
[Black "Brecevic, V."]
[Result "1-0"]
[WhiteElo "2610"]
[BlackElo "2170"]

1.d4 Nf6 2.c4 e6 3.Nf3 b6 4.a3 Bb7 5.Nc3 Be7 6.d5 exd5 7.cxd5 O-O 8.e4 d6
9.Bd3 c5 10.O-O Nbd7 11.Bf4 Nh5 12.Be3 g6 13.Bh6 Ng7 14.Qd2 a6 15.a4 Re8
16.Rae1 Bf6 17.b3 Ne5 18.Nxe5 Bxe5 19.f4 Bd4+ 20.Kh1 Nh5 21.Ne2 Bg7 22.Bxg7 Nxg7
23.f5 Re5 24.Qh6 Qf8 25.f6 Ne6 26.Qc1 Ng5 27.Ng3 h6 28.h4 Nh7 29.Rf2 Kh8
30.Ref1 Bc8 31.Kg1 Bd7 32.Ra2 Kg8 33.Qf4 Qd8 34.Raf2 Qf8 35.Be2 b5 36.axb5 axb5
37.Bg4 Bxg4 38.Qxg4 h5 39.Qf4 b4 40.Rf3 Ra2 41.Nf5 Rc2 42.Ra1 Nxf6 43.Nh6+ Kh7
44.Qxf6 Qxh6 45.Ra7  1-0

[Event "Sochi"]
[Site "Sochi"]
[Date "1996.??.??"]
[Round "?"]
[White "Poluljahov, Aleksandr"]
[Black "Yuferov, Sergey  N"]
[Result "1/2-1/2"]
[WhiteElo "2480"]
[BlackElo "2440"]

1.Nf3 Nf6 2.c4 b6 3.d4 e6 4.a3 Ba6 5.e3 Be7 6.Bd3 d5 7.b3 O-O 8.Bb2 c5 9.O-O Nc6
10.Nbd2 cxd4 11.exd4 Rc8 12.Qe2 Re8 13.Rad1 Bf8 14.Qe3 g6 15.Ne5 Bg7 16.f4 Rc7
17.h3 Qc8 18.Rc1 Bb7 19.g4 Nd7 20.cxd5 Ncxe5 21.dxe5 Bxd5 22.b4 Rxc1 23.Rxc1 Qb7
24.Ne4 Rc8 25.Nd6 Rxc1+ 26.Qxc1 Qc6 27.Qxc6 Bxc6 28.Nc8 Ba4 29.g5 a5 30.bxa5 bxa5
31.Bc3 h6 32.h4 hxg5 33.hxg5 Bf8 34.Nd6 Nc5 35.Be2 Bxd6 36.exd6 Nb7 37.Bf3 Nxd6
38.Bxa5 Kf8 39.Bb4 Ke7 40.Kf2 Kd7 41.Ke3 Nf5+ 42.Kd3 Bb5+ 43.Kc3 e5 44.Bd5 exf4
45.Bxf7 Nh4 46.Bc5 Nf3 47.Bxg6 Nxg5 48.Kb4 Bc6 49.Bf5+  1/2-1/2

[Event "Petrov mem"]
[Site "St Petersburg"]
[Date "1996.??.??"]
[Round "1"]
[White "Krechetov, Alexander"]
[Black "Aseev, Konstantin N"]
[Result "0-1"]
[WhiteElo "2325"]
[BlackElo "2530"]

1.Nf3 Nf6 2.c4 e6 3.d4 b6 4.a3 Bb7 5.Nc3 d5 6.Bg5 Be7 7.e3 O-O 8.cxd5 Nxd5
9.Bxe7 Qxe7 10.Rc1 Rc8 11.Bd3 c5 12.O-O Nd7 13.Nxd5 Bxd5 14.Ba6 Rd8 15.Qe2 Bxf3
16.Qxf3 cxd4 17.exd4 Nf6 18.Rfd1 Nd5 19.g3 Rd6 20.Rc2 Rad8 21.Rdc1 g6 22.h4 Kg7
23.Qe2 h5 24.Bb5 Qf6 25.Qe5 Ne7 26.Rc7 Nf5 27.Rxa7 Rxd4 28.Qxf6+ Kxf6 29.Rcc7 Rd1+
30.Kg2 R8d2 31.Rxf7+ Ke5 32.Rfd7 Ne3+ 33.Kf3 Ng4 34.Rxd2 Rxd2 35.Be2 Rxb2
36.a4 Kd4 37.Rd7+ Kc5 38.Rc7+ Kd6 39.Rc8 e5 40.Rc4 Kd5 41.a5 b5  0-1

[Event "Rudenko mem"]
[Site "St Petersburg"]
[Date "1996.??.??"]
[Round "4"]
[White "Tkacheva, Lyuba"]
[Black "Epstein, Esther"]
[Result "1/2-1/2"]
[WhiteElo "2065"]
[BlackElo "2255"]

1.d4 Nf6 2.Nf3 e6 3.c4 b6 4.a3 Bb7 5.Nc3 Be7 6.d5 O-O 7.e4 d6 8.Bd3 e5 9.O-O Nbd7
10.b4 a5 11.Bd2 g6 12.Bh6 Re8 13.h3 Nh5 14.Qd2 Bf8 15.Bg5 Be7 16.Be3 Ng7
17.Qc2 Nh5 18.Ne2 Qc8 19.Rfc1 Ba6 20.Nd2 Qd8 21.Nf3 Qc8 22.Kh2 Qd8 23.g4 Nhf6
24.Ng3 Kg7 25.Rg1 Rh8 26.Be2 h6 27.Qd2 Bb7 28.Qc2 Ba6 29.Nd2 Ng8 30.Qc3 axb4
31.axb4 Bf6 32.Ra3 Bb7 33.Rxa8 Bxa8 34.Nb3 Qe8 35.c5 bxc5 36.bxc5 Ne7 37.cxd6 cxd6
38.Qc7 Nxd5 39.exd5 Bxd5 40.Qxd6 Bxb3 41.Bb5 Be6 42.Rd1 Qa8 43.Bc6 Be7 44.Qxd7 Bxd7
45.Bxa8 Ba4 46.Bf3 Bxd1 47.Bxd1 Rd8 48.Bf3 Bd6 49.Be4 Rc8 50.Kg2 Bc5 51.Bd2 Rd8
52.Bc3 Bd4 53.Ba5 Rb8 54.Ne2 Rb5 55.Bc7 Ba1 56.Bd6 Rb6 57.Ba3 Rb3 58.Bc1 Rb4
59.Kf3 Rb3+ 60.Kg2 Rb4 61.Kf3 Rb3+ 62.Kg2 Rb4  1/2-1/2

[Event "Petrov mem"]
[Site "St Petersburg"]
[Date "1996.??.??"]
[Round "6"]
[White "Sakaev, Konstantin"]
[Black "Kochyev, Alexander"]
[Result "1/2-1/2"]
[WhiteElo "2560"]
[BlackElo "2430"]

1.d4 Nf6 2.c4 e6 3.Nf3 b6 4.a3 Bb7 5.Nc3 Ne4 6.Nxe4 Bxe4 7.Nd2 Bb7 8.e4 Qf6
9.d5 Bc5 10.Nf3 Qg6 11.Qd3 O-O  1/2-1/2

[Event "Petrov mem"]
[Site "St Petersburg"]
[Date "1996.??.??"]
[Round "6"]
[White "Nepomnishay, Mikhail I"]
[Black "Biriukov, Oleg V"]
[Result "1-0"]
[WhiteElo "2470"]
[BlackElo "2330"]

1.d4 Nf6 2.c4 e6 3.Nf3 b6 4.a3 Bb7 5.Nc3 d5 6.Qc2 Be7 7.cxd5 Nxd5 8.Bd2 O-O
9.e4 Nxc3 10.Bxc3 Nd7 11.Rd1 Qe8 12.Bd3 c5 13.O-O cxd4 14.Nxd4 Nc5 15.Rfe1 Nxd3
16.Qxd3 Qb8 17.Qf3 Rd8 18.Qg4 Bf8 19.Rd3 g6 20.Rh3 Bg7 21.Nf3 e5 22.Qh4 h6
23.Bd2 h5 24.Bb4 Qc8 25.Rg3 Qc6 26.Rg5 Qc2 27.Rxe5 Qxb2 28.Re7 Bf6 29.Qf4 Bc6
30.Rxf7 Kxf7 31.e5 Qc2 32.exf6  1-0

[Event "RUS-Cup1 Chigorin mem"]
[Site "St Petersburg"]
[Date "1996.??.??"]
[Round "6"]
[White "Kruppa, Yuri"]
[Black "Tunik, Gennady"]
[Result "1/2-1/2"]
[WhiteElo "2560"]
[BlackElo "2440"]

1.d4 Nf6 2.c4 e6 3.Nf3 b6 4.a3 Ba6 5.Qc2 Bb7 6.Nc3 c5 7.e4 cxd4 8.Nxd4 Nc6
9.Nxc6 Bxc6 10.Bf4 Bc5 11.Be2 O-O 12.O-O-O Ne8 13.Bg3  1/2-1/2

[Event "RUS-Cup1 Chigorin mem"]
[Site "St Petersburg"]
[Date "1996.??.??"]
[Round "7"]
[White "Notkin, Maksim"]
[Black "Lerner, Konstantin Z"]
[Result "1/2-1/2"]
[WhiteElo "2520"]
[BlackElo "2580"]

1.d4 Nf6 2.c4 e6 3.Nf3 b6 4.a3 Ba6 5.Qc2 Bb7 6.Nc3 c5 7.e4 cxd4 8.Nxd4 d6
9.Be2 Be7 10.Be3 a6 11.O-O-O Nfd7 12.Kb1 Nc6 13.f4 O-O 14.Nb3 Qb8 15.e5 Nc5
16.Nxc5 bxc5 17.exd6 Bxd6 18.f5 Nd4 19.Bxd4 cxd4 20.Rxd4 Bxg2 21.Rg1 Bc5
22.Rh4 Bf2 23.Bf3 Bxh4 24.Qxg2 Bf6 25.Bxa8 Bxc3 26.Bb7 Bd4 27.Rd1 Qe5 28.Bxa6 exf5
29.Qd2 Rd8 30.Bb7 Qc7 31.Bd5 Bf6 32.Ka2 g6 33.Qe2 Kg7 34.Rd3 Rd7 35.Rb3 Re7
36.Qd3 Qxh2 37.c5 h5 38.c6 h4 39.Qa6 Qe5 40.Qc4 h3 41.Bh1 h2 42.a4 Qe1 43.Bd5 Rc7
44.Qf4 Be5 45.Re3 Bxf4 46.Rxe1 Ra7 47.Ka3 Ra5 48.Bh1 Rc5 49.b4 Rc3+ 50.Kb2 Rg3
51.a5 Rg1 52.Rb1 Be5+ 53.Ka2 Rg3 54.b5 Bd6 55.a6 Ra3+ 56.Kb2 Ra5 57.Kc2 Ra2+
58.Kd3 Ra3+ 59.Kc4 Rg3 60.Bd5 Rg1 61.a7 Rxb1 62.a8=Q Rb4+ 63.Kd3 Rxb5 64.Qa1+ Kg8
65.Bh1 Re5 66.Qa8+ Kg7 67.Kd2 Bc7 68.Qa1 Kg8 69.Qa8+ Kg7 70.Qb7 Re7 71.Qb2+  1/2-1/2

[Event "Petrov mem"]
[Site "St Petersburg"]
[Date "1996.??.??"]
[Round "7"]
[White "Poluljahov, Aleksandr"]
[Black "Zakharov, Alexander S"]
[Result "1-0"]
[WhiteElo "2480"]
[BlackElo "2300"]

1.c4 Nf6 2.Nf3 e6 3.d4 b6 4.a3 Bb7 5.Nc3 d5 6.Bg5 Be7 7.Qa4+ c6 8.Bxf6 Bxf6
9.cxd5 exd5 10.g3 O-O 11.Bg2 Nd7 12.O-O Qe7 13.Rfd1 a5 14.e3 g6 15.Qb3 Bg7
16.Rac1 Rab8 17.Re1 f5 18.h4 Kh8 19.Ne2 Bf6 20.Nf4 Qd6 21.Red1 Kg7 22.Rd2 Rf7
23.Qd1 Re7 24.Bh3 Rbe8 25.Bf1 Ra8 26.Nd3 Ree8 27.Qb3 a4 28.Qd1 c5 29.dxc5 bxc5
30.Bg2 Ra5 31.Nf4 Nb6 32.Ng5 c4 33.Nf3 c3 34.bxc3 Nc4 35.Ra2 Nxa3 36.c4 Rc8
37.c5 Raxc5 38.Rxc5 Rxc5 39.Rxa3 Bb2 40.Ra1 Bxa1 41.Qxa1+ Kh6 42.Qxa4 Rc4
43.Qa1 Rc7 44.Ng5 Re7 45.Qh8 Rd7 46.Nge6 Qb4 47.Qf6  1-0

[Event "Petrov mem"]
[Site "St Petersburg"]
[Date "1996.??.??"]
[Round "7"]
[White "Galliamova, Alisa"]
[Black "Shaposhnikov, Evgeny"]
[Result "1-0"]
[WhiteElo "2480"]
[BlackElo "2320"]

1.d4 Nf6 2.c4 e6 3.Nf3 b6 4.a3 Bb7 5.Nc3 d5 6.Qc2 a6 7.cxd5 exd5 8.g3 Bd6
9.Bg2 Nbd7 10.O-O O-O 11.Nh4 Re8 12.Nf5 Bf8 13.b4 g6 14.Nh6+ Bxh6 15.Bxh6 Nf8
16.Rad1 Ne6 17.Qb3 Qd7 18.Qb2 Ng4 19.Bc1 Ng7 20.Qb3 Nf6 21.Bg5 Ne4 22.Nxe4 dxe4
23.d5 Qf5 24.Bc1 Rad8 25.Bb2 Bxd5 26.Qc3 f6 27.Qxc7 Qe6 28.Qc3 Rf8 29.f3 Rc8
30.Qd2 Bb3 31.Rc1 e3 32.Qe1 Rxc1 33.Qxc1 Rc8 34.Qa1 Rc2 35.Re1 Kf7 36.Bf1 Nf5
37.Rc1 Qc6 38.Rxc2 Bxc2 39.Qa2+ Kg7 40.g4 Ne7 41.g5 Nd5 42.Bd4 b5 43.gxf6+ Nxf6
44.Bxe3 Qc3 45.Qe6 Bb3 46.Qe7+ Bf7 47.Bc5 g5 48.Qd6 Nd5 49.e3  1-0

[Event "RUS-Cup1 Chigorin mem"]
[Site "St Petersburg"]
[Date "1996.??.??"]
[Round "7"]
[White "Galliamova, Alisa"]
[Black "Zavoronkov, Vladimir"]
[Result "1/2-1/2"]
[WhiteElo "2475"]
[BlackElo "2265"]

1.d4 Nf6 2.c4 e6 3.Nf3 b6 4.a3 c5 5.d5 Ba6 6.b3 b5 7.Qc2 exd5 8.cxd5 Qe7
9.Nc3 b4 10.axb4 cxb4 11.Na4 Bb7 12.Nd4 Na6 13.Bb2 Rc8 14.Qd3 g6 15.Nb5 Bg7
16.e3 O-O 17.Be2 Bxd5 18.O-O Qe4 19.Qxe4 Nxe4 20.Bxg7 Kxg7 21.Nxa7 Rc7 22.Nb6 Nc3
23.Bxa6 Rxa7 24.Bc4 Rxa1 25.Rxa1 Bc6 26.Ra7 Rb8 27.Ra6 d5 28.Bd3 Kf8 29.h4 Ke7
30.Kf1 Kd6 31.Na4 Nxa4 32.bxa4 b3 33.Ke2 Rb4 34.a5 b2 35.Bb1 Kc5 36.Rb6 Bb5+
37.Kd2 Rc4 38.Bd3 Rb4 39.Bb1 Rxh4 40.Rb7 Rh1 41.Kc2 Rf1 42.Kxb2 Rxf2+ 43.Kc3 Rxg2
44.Rc7+ Kd6 45.Rxf7 Re2 46.Rxh7 Rxe3+ 47.Kb4 Bc4 48.Bxg6 Rb3+ 49.Ka4 Rb2
50.Ka3 Rb8 51.Bc2 Kc5 52.Rh3 Ra8 53.Kb2 Rxa5 54.Kc1 Ra1+ 55.Kd2 Ra2 56.Kc1 Kb4
57.Rg3 Ra1+ 58.Kd2 Rh1 59.Rf3 Rh2+ 60.Kc1 Be2 61.Rb3+ Kc4 62.Ra3 d4 63.Ra4+ Kc3
64.Ra3+ Kb4 65.Ra4+  1/2-1/2

[Event "Petrov mem"]
[Site "St Petersburg"]
[Date "1996.??.??"]
[Round "8"]
[White "Savchenko, Stanislav"]
[Black "Balashov, Yuri S"]
[Result "1/2-1/2"]
[WhiteElo "2585"]
[BlackElo "2480"]

1.d4 Nf6 2.c4 e6 3.Nf3 b6 4.a3 Bb7 5.Nc3 Ne4 6.Nxe4 Bxe4 7.e3 Be7 8.Bd3 Bxd3
9.Qxd3 d6 10.O-O Nd7 11.b4 O-O 12.Bb2 c6 13.Bc3 Qc7 14.e4 Bf6 15.Rfd1 Rad8
16.Ra2 c5 17.Rc2 cxd4 18.Bxd4 a6 19.h3 Bxd4 20.Qxd4  1/2-1/2

[Event "RUS-Cup1 Chigorin mem"]
[Site "St Petersburg"]
[Date "1996.??.??"]
[Round "9"]
[White "Notkin, Maksim"]
[Black "Zavoronkov, Vladimir"]
[Result "1-0"]
[WhiteElo "2520"]
[BlackElo "2265"]

1.d4 Nf6 2.c4 e6 3.Nf3 b6 4.a3 c5 5.d5 Ba6 6.Qc2 exd5 7.cxd5 g6 8.Nc3 Bg7
9.g3 O-O 10.Bg2 d6 11.O-O Nbd7 12.Re1 b5 13.h3 Rc8 14.e4 Re8 15.Bf1 c4 16.Bf4 Nh5
17.Be3 Nc5 18.Nd4 Bxd4 19.Bxd4 Nb3 20.Rad1 Nxd4 21.Rxd4 f5 22.Rdd1 f4 23.g4 Qg5
24.e5 Rxe5 25.Rxe5 Qxe5 26.gxh5 Qg5+ 27.Kh2 Qxh5 28.Qe2 Qh4 29.Ne4 f3 30.Qxf3 Rf8
31.Qg4 Qxg4 32.hxg4 Rf4 33.Bg2  1-0

[Event "St Petersburg-ch"]
[Site "St Petersburg"]
[Date "1996.??.??"]
[Round "11"]
[White "Sakaev, Konstantin"]
[Black "Yemelin, Vasily"]
[Result "1/2-1/2"]
[WhiteElo "2600"]
[BlackElo "2460"]

1.d4 Nf6 2.c4 e6 3.Nf3 b6 4.a3 Ba6 5.Qc2 Bb7 6.Nc3 c5 7.e4 cxd4 8.Nxd4 d6
9.Be2 Nbd7 10.Be3 a6 11.g4 h5 12.g5 Ng4 13.g6 Nxe3 14.gxf7+ Kxf7 15.fxe3 Ne5
16.O-O-O g6 17.Rhf1+ Ke7 18.c5 bxc5 19.Nxe6 Qb8 20.Nf4 Bc6 21.Ncd5+ Kd7 22.Nd3 Bg7
23.Nf6+ Kc8 24.Nxe5 dxe5 25.Qxc5 Qc7 26.Nd5 Bxd5 27.Rxd5 Rf8 28.Rfd1 Rf7
29.Bc4 Rd7 30.Kb1 Qxc5 31.Rxc5+ Kd8 32.Bd5 Bh6 33.Re1 Rb8 34.Rc6 Rdb7 35.Rd6+ Ke7
36.Bxb7 Kxd6 37.Bxa6 Rb3 38.Rf1 Bxe3 39.Bc4 Rb8 40.Bd5 Bf4 41.h3 g5 42.Rg1 Kc5
43.Rd1 g4 44.b4+ Kb5 45.hxg4 hxg4 46.Be6 g3 47.Rd6 g2 48.Bd7+ Kc4 49.Rg6 Kb3
50.Rxg2 Rh8 51.Be6+ Kxa3 52.b5 Rh2  1/2-1/2

[Event "Stockholm"]
[Site "Stockholm"]
[Date "1996.??.??"]
[Round "3"]
[White "Dzevlan, Miralem"]
[Black "Ochsner, Thomas"]
[Result "1-0"]
[WhiteElo "2395"]
[BlackElo "2300"]

1.d4 Nf6 2.c4 e6 3.Nf3 b6 4.a3 Bb7 5.Nc3 d5 6.Qc2 dxc4 7.e4 c5 8.d5 exd5
9.exd5 Bd6 10.Bxc4 O-O 11.O-O Nbd7 12.Re1 a6 13.a4 Qc7 14.Bg5 Rfe8 15.Qf5 h6
16.Bh4 Rac8 17.Qd3 Ng4 18.Bg3 Bxg3 19.hxg3 Nge5 20.Nxe5 Nxe5 21.Qe2 Nxc4
22.Qxc4 Qd7 23.Rxe8+ Rxe8 24.a5 Qd6 25.axb6 Qxb6 26.Na4 Qb4 27.Qxc5 Qxc5
28.Nxc5 Bxd5 29.Nxa6 Re2 30.b4 Rb2 31.Nc7 Bb7 32.b5 Rc2 33.Ne8 Kf8 34.Nd6 Bd5
35.Rd1 Ba8 36.Re1  1-0

[Event "SUI-chT"]
[Site "SUI"]
[Date "1996.??.??"]
[Round "2"]
[White "Almada, Enrique"]
[Black "Fejzullahu, Afrim"]
[Result "1/2-1/2"]
[WhiteElo "2315"]
[BlackElo "2300"]

1.d4 Nf6 2.Nf3 e6 3.c4 b6 4.a3 Bb7 5.Nc3 d6 6.d5 e5 7.e4 Be7 8.Bd3 O-O 9.O-O Nbd7
10.h3 Nh5 11.Re1 Bc8 12.Kh2 a5 13.Ng1 Nf4 14.Bf1 Ng6 15.Nf3 Nc5 16.g4 Nh4
17.Be3 Nxf3+ 18.Qxf3 Nb3 19.Rad1 Bd7 20.Bd3 Bg5 21.Bc2 Bxe3 22.Qxe3 Nd4 23.Rxd4 exd4
24.Qxd4 Qh4 25.Rg1 h5 26.Bd1 Rae8 27.f4 Re7 28.f5 Re5 29.Qd2 hxg4 30.Rxg4 Qf6
31.Qg5 Qxg5 32.Rxg5 Rfe8 33.Bf3 g6 34.h4 Kg7 35.Kg3 Kf6 36.fxg6 Rxg5+ 37.hxg5+ Kxg6
38.Bg4 Bxg4 39.Kxg4 Re5 40.Kf4 Rxg5 41.Nb5 f5 42.exf5+ Rxf5+ 43.Ke4 Rf7 44.b4 axb4
45.axb4 Kf6 46.Nd4 Rh7 47.b5 Rh1 48.Ne6 Rh4+ 49.Kd3 Ke5 50.Kc3 Rh3+ 51.Kb4 Rh7
52.Kc3 Re7 53.Kd3 Rd7 54.Kc3 Ke4 55.Kd2 Re7 56.Ke2 Re8 57.Kd2 Ra8 58.Kc3 Ra7
59.Ng5+ Ke3 60.Ne6 Ra3+ 61.Kb2 Rd3 62.Kc2 Ke4 63.Kb2 Rg3 64.Kc2 Rg1 65.Kd2 Ra1
66.Kc2 Ra7 67.Kd2 Ra1 68.Kc2 Ke3 69.Kb2 Ra7 70.Kc2  1/2-1/2

[Event "SUI-chT"]
[Site "SUI"]
[Date "1996.??.??"]
[Round "6"]
[White "Costa, Jean Luc"]
[Black "Lombard, Andre"]
[Result "1/2-1/2"]
[WhiteElo "2395"]
[BlackElo "2390"]

1.d4 Nf6 2.c4 e6 3.Nf3 b6 4.a3 d5 5.cxd5 exd5 6.Bg5 Be7 7.Nc3 O-O 8.e3 Be6
9.Bd3 c5 10.O-O Nc6 11.Qa4 cxd4 12.Ne2 Na5 13.Nfxd4 Bd7 14.Qd1 h6 15.Bxf6 Bxf6
16.Rc1 Rc8 17.Ba6 Rxc1 18.Qxc1 Qb8 19.Rd1  1/2-1/2

[Event "SVK-chT9596"]
[Site "?"]
[Date "1996.??.??"]
[Round "2"]
[White "Zamecnik, Frantisek"]
[Black "Borik, Juraj"]
[Result "1/2-1/2"]
[WhiteElo "2290"]
[BlackElo "2110"]

1.d4 Nf6 2.Nf3 e6 3.c4 b6 4.a3 Bb7 5.Nc3 d5 6.cxd5 exd5 7.g3 Ne4 8.Bg2 Nxc3
9.bxc3 Nd7 10.O-O Bd6 11.Qc2 Qf6 12.Re1 O-O 13.c4 c6 14.Bh3 Qd8 15.e4 dxe4
16.Qxe4 Qc7 17.Qh4 Rfe8 18.Bb2 Nf8 19.d5 cxd5 20.cxd5 Qc5 21.Bg2 Qxd5 22.Red1 Qb3
23.Bxg7 Bxf3 24.Rxd6 Bxg2 25.Bd4 Re6 26.Rxe6 Qxe6 27.Kxg2  1/2-1/2

[Event "SVK-chT9596"]
[Site "?"]
[Date "1996.??.??"]
[Round "9"]
[White "Zamecnik, Frantisek"]
[Black "Mrva, Vladimir"]
[Result "1/2-1/2"]
[WhiteElo "2290"]
[BlackElo "2310"]

1.d4 Nf6 2.Nf3 e6 3.c4 b6 4.a3 Bb7 5.Nc3 d5 6.cxd5 exd5 7.g3 Be7 8.Bg2 O-O
9.O-O Nbd7 10.b4 c6 11.Ne5 Nxe5 12.dxe5 Ng4 13.e4 Nxe5 14.exd5 cxd5 15.Nxd5 Bxd5
16.Bxd5 Rc8 17.Bb2  1/2-1/2

[Event "SVK-chT9596"]
[Site "?"]
[Date "1996.??.??"]
[Round "10"]
[White "Certek, Pavel"]
[Black "Travenec, Igor"]
[Result "1/2-1/2"]
[WhiteElo "2260"]
[BlackElo "2230"]

1.d4 Nf6 2.c4 e6 3.Nf3 b6 4.a3 Be7 5.Nc3 Bb7 6.Bg5 d5 7.cxd5 Nxd5 8.Bxe7 Qxe7
9.Qa4+ c6 10.Nxd5 exd5 11.e3 O-O 12.Bd3 Nd7 13.O-O c5 14.Bb5 Nf6 15.dxc5 bxc5
16.Ba6 Rab8 17.Bxb7 Rxb7 18.b4 cxb4 19.axb4 Rc8 20.b5 Rc4 21.Qa3 Qc7 22.Qa5 Qxa5
23.Rxa5 g6 24.h3 Ne4 25.Nd4 Nc3 26.Rfa1 Rb4 27.Rxa7 Rxa7  1/2-1/2

[Event "SWE-chT 9596"]
[Site "?"]
[Date "1996.??.??"]
[Round "?"]
[White "Schussler, Harry"]
[Black "Akesson, Ralf"]
[Result "1-0"]
[WhiteElo "2465"]
[BlackElo "2505"]

1.d4 Nf6 2.c4 e6 3.Nf3 b6 4.a3 Bb7 5.Nc3 d5 6.cxd5 exd5 7.g3 Be7 8.Bg2 O-O
9.O-O Na6 10.b4 Ne4 11.Qb3 Bf6 12.Bb2 Nxc3 13.Bxc3 c6 14.b5 cxb5 15.Qxb5 Nc7
16.Qb2 Qd7 17.a4 Rfc8 18.Rfc1 Ne8 19.a5 bxa5 20.Ne5 Bxe5 21.dxe5 a4 22.Rd1 Rab8
23.Qd2 Ba8 24.Bd4 Rc4 25.Qa5 Nc7 26.Qxa7 Qb5 27.Rxa4 Rxa4 28.Qxc7 Rc4 29.Qa7 Ra4
30.Qc7 Rc4 31.Qa7 Rbc8 32.e6 R4c7 33.exf7+ Kxf7 34.Qa2 Rc2 35.Qa7+ R2c7 36.Qa2 Rc1
37.Qd2 Rxd1+ 38.Qxd1 Qc4 39.Bf1 Qc2 40.Qa1 Qg6 41.Bh3 Re8 42.Qa7+ Kg8 43.Bf5 Qg5
44.h4 Qh6 45.g4 g6 46.Bd7  1-0

[Event "SWE-chT 9596"]
[Site "?"]
[Date "1996.??.??"]
[Round "?"]
[White "Hultin, Johan"]
[Black "Lundin, Anders"]
[Result "1-0"]
[WhiteElo "2300"]
[BlackElo "2270"]

1.d4 Nf6 2.Nf3 e6 3.c4 b6 4.a3 Bb7 5.Nc3 d5 6.cxd5 Nxd5 7.e3 Be7 8.Bb5+ c6
9.Bd3 O-O 10.Qc2 h6 11.e4 Nxc3 12.bxc3 c5 13.O-O Qc8 14.Qe2 Ba6 15.Rd1 Bxd3
16.Rxd3 cxd4 17.cxd4 Nd7 18.Bf4 Nf6 19.Ne5 Qb7 20.Re1 Rad8 21.Qe3 Kh7 22.Rc3 Rc8
23.Rxc8 Qxc8 24.Rc1 Qb7 25.Nc6 Rc8 26.Nxe7 Rxc1+ 27.Qxc1 Qxe7 28.f3 Qd7 29.Qc4 Kg8
30.h3 Nh5 31.Be5 Qe7 32.Qc8+ Kh7 33.Qc7 Qxc7 34.Bxc7 Nf6 35.Kf2 Kg8 36.Bd6 Ne8
37.Bb8 a6 38.Ke2 Kf8 39.Ba7 b5 40.Bc5+ Kg8 41.Kd3 f5 42.Kc3 Nf6 43.Kb4 fxe4
44.fxe4 Nxe4 45.Ka5 g5 46.Kxa6 Nc3 47.Ka5 h5 48.Kb4 Nd5+ 49.Kxb5 Nf4 50.a4  1-0